00477nam a22001577a 450000500170000001000150001702000300003203500140006203700090007608200130008510000210009824500580011926000370017727000800021430000250029420220104114202.0 aENG-130900 a978-81-948200-5-5c850.00 aEN-114432 bDBAD a330.9541 aDatta, Sreeradha aAct East Policy and Northeast India:cSreeradha Datta aNew DelhibRenu Kaul Vermac2022 bNew Delhie110002a2/15, Ansari Road, Daryaganjminfo@vitastapublishing.com axix, 319pc22cm(hbk)